000 00239nam a2200109Ia 4500
008 210430s9999 xx 000 0 und d
082 _a690.24 H883R
100 _aNA
245 _aRemodeling Ideas
_cNA
300 _a120
942 _cBK
_2ddc
999 _c565243
_d565243